Readings in human resource management

Αποθηκεύτηκε σε:
Λεπτομέρειες βιβλιογραφικής εγγραφής
Άλλοι συγγραφείς: Noe, Raymond A. (Επιμελητής έκδοσης, Συντάκτης)
Μορφή: Βιβλίο
Γλώσσα:English
Δημοσίευση: Boston ; Sydney : Irwin, 1994
Θέματα:
Ετικέτες: Προσθήκη ετικέτας
Δεν υπάρχουν, Καταχωρήστε ετικέτα πρώτοι!

MARC

LEADER 00000nam a2200000 i 4500
001 1/42297
008 960209s1994 eng d
020 |a 0-256-14852-X 
035 |l 10025567 
040 |a GR-MY-UA  |b gre  |e aacr 
041 0 |a eng 
082 0 |a 658.3 
245 1 0 |a Readings in human resource management /  |c [compiled and edited by] Raymond A. Noe ... [et al.] 
260 |a Boston ; Sydney :   |b Irwin,   |c 1994 
300 |a 690 p. 
504 |a Includes bibliographical 
650 0 0 |a Personnel management. 
700 1 |a Noe, Raymond A.  |4 edt  |4 com 
852 |a INST  |b CHIOS  |e 19960209  |h 658.3 REA  |p 005200001562  |q 005200001562  |t BK  |y 0 
909 |a Χ  |b 042175